Piosenki zespołu Cliver - nagła śmierć - Statystyki

Ogólne statystyki
  • Ten quiz został rozwiązany 23 razy
  • Średni wynik to 5 z 8
Answers on the Grid
Answers color-coded by a green-red scale on the quiz's grid according to % correct below.
Pokaż jak się kręcisz
Żono moja
Za oknem deszcz
Ona lubi pomarańcze
Chodź kochanie
Ona tańczy dla mnie
To ona mnie wyrwała
Jesteś szalona
Wymarzona
Moje ciało oszalało
Zaufaj mi
Niebo za rogiem
Dziewczyna Bonda
Czekam na Ciebie
Daj mi buzi mała
Słodka jak miód
 
Statystyki odpowiedzi
Odpowiedź % Poprawnych
Za oknem deszcz
90%
Pokaż jak się kręcisz
86%
Chodź kochanie
71%
Moje ciało oszalało
62%
To ona mnie wyrwała
48%
Zaufaj mi
48%
Daj mi buzi mała
33%
Dziewczyna Bonda
33%
Nie znaleziono quizów pasujących do podanych kryteriów
Rozkład punktacji
Procent ludzi z każdym wynikiem
Percentyl według liczby udzielonych odpowiedzi
Twoja historia wyników
Nie rozwiązałeś tego quizu